David Lamelas: Fiction of a Production (Record no. 1907)
[ view plain ]
| 000 -LEADER | |
|---|---|
| campo de control de longitud fija | 01005nam a22001817a 4500 |
| 005 - FECHA Y HORA DE LA ÚLTIMA TRANSACCIÓN | |
| campo de control | 20220623185532.0 |
| 008 - DATOS DE LONGITUD FIJA--INFORMACIÓN GENERAL | |
| campo de control de longitud fija | 220623b |||||||| |||| 00| 0 eng d |
| 020 ## - NÚMERO INTERNACIONAL ESTÁNDAR DEL LIBRO | |
| Número Internacional Estándar del Libro | 9781941789063 |
| 040 ## - FUENTE DE CATALOGACIÓN | |
| Centro/agencia transcriptor | Biblioteca Lado V |
| 082 ## - NÚMERO DE LA CLASIFICACIÓN DECIMAL DEWEY | |
| Número de clasificación | 708 |
| Número de ítem | L228f |
| 100 ## - ENTRADA PRINCIPAL--NOMBRE DE PERSONA | |
| Nombre de persona | Acevedo-Yates, Carla (editora) |
| 245 ## - MENCIÓN DEL TÍTULO | |
| Título | David Lamelas: Fiction of a Production |
| 260 ## - PUBLICACIÓN, DISTRIBUCIÓN, ETC. | |
| Lugar de publicación, distribución, etc. | Michigan |
| Nombre del editor, distribuidor, etc. | Eli and Edythe Broad Art Museum, Michigan State University |
| Fecha de publicación, distribución, etc. | 2018 |
| 300 ## - DESCRIPCIÓN FÍSICA | |
| Extensión | 214 p. |
| Otras características físicas | il. (col) |
| Dimensiones | 21,5 x 15,5 cm |
| 505 ## - NOTA DE CONTENIDO CON FORMATO | |
| Título | Foreword |
| Mención de responsabilidad | Marc-Olivier Wahler |
| Título | Fiction of a Production |
| Mención de responsabilidad | Carla Acevedo-Yates |
| Título | Indifference and biographical forms |
| Mención de responsabilidad | Jean-François Chevrier |
| Título | Just so: how David moved from object to space |
| Mención de responsabilidad | Kristina Newhouse |
| Título | Self-Awarness |
| Mención de responsabilidad | David Lamelas and Raúl Escari |
| Título | Exhibition checklist |
| -- | Sketches |
| -- | Selected exhibition histories |
| -- | Filmography |
| -- | Artist´s Biography |
| 650 ## - PUNTO DE ACCESO ADICIONAL DE MATERIA--TÉRMINO DE MATERIA | |
| Subdivisión general | arte contemporáneo |
| -- | arte - exhibiciones |
| -- | arte - instalaciones |
| -- | arte - catálogo de exhibición |
| -- | arte - Argentina |
| -- | Lamelas, David |
| 942 ## - ELEMENTOS DE ENTRADA SECUNDARIOS (KOHA) | |
| Fuente del sistema de clasificación o colocación | Clasificación Decimal Dewey |
| Tipo de ítem Koha | Libros |
| Suprimir en OPAC | No |
| Estatus retirado | Estado de pérdida | Fuente del sistema de clasificación o colocación | Estado de daño | No para préstamo | Biblioteca de origen | Biblioteca actual | Fecha de adquisición | Total de préstamos | Signatura topográfica completa | Código de barras | Visto por última vez | Precio de reemplazo | Tipo de ítem Koha |
|---|---|---|---|---|---|---|---|---|---|---|---|---|---|
| Clasificación Decimal Dewey | Biblioteca LadoV | Biblioteca LadoV | 23/06/2022 | 708 L228f | 004884 | 23/06/2022 | 23/06/2022 | Libros |
